Siete destinos imperdibles del patrimonio submarino histórico y natural de Chile
I tiakina i:
| Kaituhi rangatōpū: | |
|---|---|
| Hōputu: | Pukapuka |
| Reo: | Pāniora |
| I whakaputaina: |
Santiago
Universidad Andrés Bello
2012
|
| Ngā marau: | |
| Ngā Tūtohu: |
Tāpirihia he Tūtohu
Kāore He Tūtohu, Me noho koe te mea tuatahi ki te tūtohu i tēnei pūkete!
|
MARC
| LEADER | 00000cam a2200000 a 4500 | ||
|---|---|---|---|
| 001 | UCF6109 | ||
| 003 | CL-VaPUC | ||
| 008 | 130411e20120000CL |||||||||||||||||spa|d | ||
| 020 | |a 9789563351163 | ||
| 082 | 0 | 4 | |a 797.23 |b UNI |2 21 |
| 110 | 2 | |a Universidad Andrés Bello |e author |9 568145 | |
| 245 | 1 | 0 | |a Siete destinos imperdibles del patrimonio submarino histórico y natural de Chile |
| 246 | 1 | 0 | |a Seven top destinations of Chile's natural and historical underwater heritage |
| 300 | |a 145 p | ||
| 942 | |c BK | ||
| 945 | |d 20130411 00:00:00 |a dcastane | ||
| 260 | |a Santiago |b Universidad Andrés Bello |c 2012 | ||
| 650 | 7 | |a BUCEO |2 CL-VaPUC |9 261889 | |
| 650 | 7 | |a DEPORTES ACUATICOS |2 CL-VaPUC |9 262007 | |
| 650 | 0 | |a Investigación científica |9 259857 | |
| 583 | |a last modification |c 20130411 10:22:00 |k Rodrigo Vera | ||
| 999 | |c 351446 |d 351444 | ||
| 952 | |0 0 |1 0 |4 0 |6 797_230000000000000_UNI_2012 |7 0 |8 CCM |9 455561 |a BIBCUR |b BIBCUR |d 2019-11-22 |i 4962141 |o 797.23 UNI 2012 |p 4962141 |r 2025-04-22 |w 2019-11-22 |y BK_F |k CIM | ||